Formule 1 - Pilotes ayant le plus de départs - Statistiques

Statistiques générales
  • Ce quiz a été pris 442 fois
    291 depuis la dernière actualisation
  • Le résultat moyen est 28 sur 46
Statistiques - réponses
Classement Nationalité Champion du monde ? Départs Pilote % Correct
2 Royaume-Uni Oui 356 Lewis Hamilton
100%
1 Espagne Oui 401 Fernando Alonso
99%
3 Finlande Oui 350 Kimi Raïkkönen
97%
5 Allemagne Oui 307 Michael Schumacher
97%
30 Allemagne Non 180 Ralf Schumacher
97%
38 Brésil Oui 161 Ayrton Senna
94%
7 Allemagne Oui 299 Sebastian Vettel
94%
8 Mexique Non 281 Sergio Pérez
92%
25 France Oui 199 Alain Prost
91%
19 Pays-Bas Oui 209 Max Verstappen
88%
10 Australie Non 257 Daniel Ricciardo
85%
34 Autriche Oui 171 Niki Lauda
85%
21 Allemagne ( Finlande) Oui 206 Nico Rosberg
84%
45 France Non 153 Pierre Gasly
84%
44 France Non 156 Esteban Ocon
83%
9 Brésil Non 269 Felipe Massa
81%
37 Canada Oui 163 Jacques Villeneuve
79%
40 Finlande Oui 161 Mika Häkkinen
79%
6 Royaume-Uni Oui 306 Jenson Button
78%
14 Finlande Non 246 Valtteri Bottas
78%
16 Allemagne Non 227 Nico Hülkenberg
77%
33 Royaume-Uni Oui 175 Graham Hill
74%
23 Brésil Oui 204 Nelson Piquet
73%
28 Danemark Non 185 Kevin Magnussen
68%
4 Brésil Non 323 Rubens Barrichello
67%
22 Espagne Non 206 Carlos Sainz
66%
31 France Non 179 Romain Grosjean
65%
27 Royaume-Uni Oui 187 Nigel Mansell
63%
35 Canada Non 166 Lance Stroll
62%
17 Australie Non 215 Mark Webber
61%
24 France Non 201 Jean Alesi
52%
42 France Non 158 Olivier Panis
42%
15 Italie Non 229 Giancarlo Fisichella
38%
13 Royaume-Uni Non 246 David Coulthard
37%
12 Italie Non 252 Jarno Trulli
37%
32 France Non 176 Jacques Laffite
34%
18 Autriche Non 210 Gerhard Berger
26%
11 Italie Non 256 Riccardo Patrese
24%
43 Allemagne Non 156 Heinz-Harald Frentzen
21%
26 Italie Non 194 Michele Alboreto
18%
36 Belgique Non 163 Thierry Boutsen
18%
20 Italie Non 208 Andrea De Cesaris
15%
29 Allemagne Non 183 Nick Heidfeld
13%
39 Royaume-Uni Non 161 Johnny Herbert
7%
41 Royaume-Uni Non 158 Martin Brundle
6%
46 Royaume-Uni Non 152 John Watson
5%
Aucun quiz correspondant
Distribution des résultats
% des personnes avec chaque résultat
Percentile par nombre de réponses
Votre historique - résultats
Vous n’avez pas pris ce quiz depuis la dernière actualisation